| 000 | 00940nas a2200313 4500 | ||
|---|---|---|---|
| 001 | BR9902871 | ||
| 003 | BR-BrBNA | ||
| 005 | 20231205101433.0 | ||
| 007 | ta | ||
| 008 | 230509b bl.|||p| |||| 00| 00por d | ||
| 040 |
_aBR-BrBNA _bpor _cBiblioteca Nacional de Agricultura |
||
| 041 | _a(En) | ||
| 072 | _aF03 | ||
| 100 | 1 | _aMonteiro, A.C.O. | |
| 100 | 1 | _aMuniz-Filho, W.E. | |
| 100 | 1 | _aHorta, A.C.G. | |
| 100 | 1 | _aBeltramini, L.M. | |
| 100 | 1 | _aMoreira, R.A. | |
| 245 | 1 | _aIsolation and partial characterization of a lectin from Canavalia dictyota seeds | |
| 650 | _aLeguminosa Forrageira | ||
| 650 | _aSemente | ||
| 650 | _aLectina | ||
| 650 | _aCromatografia | ||
| 650 | _aComposto Nitrogenado | ||
| 650 | _aIsolamento | ||
| 773 | 0 |
_tRevista Brasileira de Fisiologia Vegetal (Brazil) _xISSN 0103-3131 _g(Dec 1998), v. 10(3) p. 167-172 _wBR9902871 |
|
| 909 |
_a202311 _bLúcia _c55 _dLúcia Elande |
||
| 942 |
_2AGRIS _n0 _cANA |
||
| 999 |
_c161844 _d161844 |
||